LIPPINCOTT ILLUSTRATED REVIEWS BIOCHEMISTRY (Record no. 30791)

MARC details
000 -LEADER
fixed length control field 00426nam a22001697a 4500
003 - CONTROL NUMBER IDENTIFIER
control field SGT
020 ## - INTERNATIONAL STANDARD BOOK NUMBER
International Standard Book Number 9788197055973
082 ## - DEWEY DECIMAL CLASSIFICATION NUMBER
Classification number 612.015
Item number L24S
100 ## - MAIN ENTRY--PERSONAL NAME
Personal name SINGH, RITU
245 ## - TITLE STATEMENT
Title LIPPINCOTT ILLUSTRATED REVIEWS BIOCHEMISTRY
250 ## - EDITION STATEMENT
Edition statement 2ND S.A.
260 ## - PUBLICATION, DISTRIBUTION, ETC. (IMPRINT)
Place of publication, distribution, etc INDIA
Name of publisher, distributor, etc WOLTERS KLUWER PUB
Year of Publication 2024
300 ## - PAGE DESCRIPTION
No. of Pages 854
650 ## - SUBJECT ADDED ENTRY--TOPICAL TERM
Topical term or geographic name as entry element BIOCHEMISTRY
653 ## - KEYWORDS--INDEX TERM
Keyword term LIPPINCOTT ILLUSTRATED REVIEWS BIOCHEMISTRY
942 ## - ADDED ENTRY ELEMENTS (KOHA)
Source of classification or shelving scheme Dewey Decimal Classification
Koha item type Books
Holdings
Withdrawn status Lost status Source of classification or shelving scheme Damaged status Not for loan Collection code Home library Current library Shelving location Date acquired Vendor Name Cost, normal purchase price SGTU Bill Number Total Checkouts Full call number Accession No. (Barcode) Date last seen Bill Date Koha item type
    Dewey Decimal Classification   Not For Loan MEDICAL SGT Medical Library SGT Medical Library Reference Book 11/02/2025 ABC DELHI 1799.00 SGTU 20461   612.015 L24S FM15060 09/04/2025 11/02/2025 Books